LEADER 01639nam1 2200385 450 001 000041877 005 20151217115157.0 100 $a20151109d--------km-y0itaa50------ba 101 0 $alat 102 $aDE 200 1 $aCorpus Inscriptionum latinarum$fConsilio et auctoritate Academiae Litterarum Regiae Borussicae$gedidit Theodorus Mommsen 210 $aBerolini$capud Georgium Reimerum 215 $aVolumi$cill.$d40 cm. 463 0$1001000041878$12001$aInscriptiones Calabriae Apuliae Samnii Sabinorum Piceni Latinae$v9 463 0$1001000041877$12001$aInsriptiones Bruttiorum, Lucaniae, Campaniae, Siciliae, Sardiniae latinae$v10 463 \1$1001000041876$12001 $aInsriptiones Bruttiorum, Lucaniae, Campaniae, Siciliae, Sardiniae latinae$econsilio et auctoritate Academiae Litterarum Regiae Borussicae 606 $aIscrizioni latine 606 $aEpigrafia latina 676 $a471.1$v(22. ed.)$9Latino. Sistemi di scrittura, fonologia, fonetica del latino classico 702 1$aMommsen,$bTheodor 801 0$aIT$bUniversità della Basilicata - B.I.A.$gREICAT$2unimarc 912 $a000041877 996 $aCORPUS inscriptionum latinarum$9604478 997 $aUNIBAS BAS $aLETTERE CAT $aSTD108$b01$c20151109$lBAS01$h1020 CAT $aSTD108$b01$c20151109$lBAS01$h1038 CAT $aSTD108$b01$c20151109$lBAS01$h1146 CAT $aMDL$b30$c20151215$lBAS01$h1648 CAT $aMDL$b30$c20151216$lBAS01$h1347 CAT $aMDL$b30$c20151216$lBAS01$h1348 CAT $aMDL$b30$c20151217$lBAS01$h1145 CAT $aMDL$b30$c20151217$lBAS01$h1150 CAT $aMDL$b30$c20151217$lBAS01$h1151 FMT